000 00509cam a22002054a 4500
005 20250605164320.0
008 250528s ||||||||||||||||||||||||d
035 _a22870
020 _a9780024219329
040 _aGR-AtMCL
_bgre
_dGR-AtMCL
_eAACR2
245 1 _aMARKETING RESEARCH MEASUREMENT & METHOD
250 _a6
260 _bMacmillan Press Ltd,
_c1993
300 _a861
700 1 _aHawkins Del I
_91713
700 1 _aTull Donald S
_92098
942 _cBK
999 _c7914
_d7914